000 00781cam a2200217 a 4500
001 000002778
005 20200929150244.0
008 840925s1969 mx b 001 0 spa
040 _aDO-SdBNP
_bspa
_cBNPHU
082 _aM861.6
_bJ61l
100 1 _aJiménez de Báez, Yvette
_98757
245 1 0 _aLírica cortesana y lírica popular actual /
_cYvette J. de Báez.
260 _aMéxico, D. F. :
_bColegio de México,
_c1969.
300 _a98 p. ;
_c19 cm.
440 0 _aJornadas ;
_vno. 64
_98758
440 0 _aCentro de Estudios Lingüísticos y Literarios
_98759
500 _aBibliografía: p. 94-97.
650 4 _aPoesía española
_xHistoria y crítica
_98687
650 4 _aLiteratura española
_xHistoria y crítica
_93904
650 4 _aPoesía lírica
_xHistoria y crítica
_98760
999 _c2612
_d2612